000 00978nam a2200265Ia 4500
003 GCL
008 140319s9999 xx 000 0 ara d
020 _a3527215977
040 _aGCL /
_cGCL
082 0 4 _a811.074
_bم ح
100 1 _aمحمد حماسة عبداللطيف
245 1 0 _aحوار مع النيل :
_bشعر /
_cمحمد حماسة عبداللطيف
700 1 _aمحمد احمد الدالى
700 1 _aابن ابى هاشم : ابو طاهر عبدالواحد بن عمر بن محمد
260 _aالقاهرة :
_bدار غريب للطباعة والنشر والتوزيع ،
_c2000
300 _a65 ص ؛
_c18 سم
490 _a100 قصة
_v0
650 0 4 _aالادب العربى
650 0 4 _aالشعر الاجتماعى
650 0 4 _aالنحو
650 0 4 _aاللغة العربية
650 0 4 _aالشعر العربى - دواوين وقصائد
650 0 4 _aاللغة العربية - علم
942 _2ddc
_cBK
999 _c44274
_d44274